00582nam a2200205 a 4500001001300000003000900013005001700022008004100039020002200080082001500102100002500117245007900142260002500221300000900246500003500255505002700290650001400317650002000331700002500351nice12345678IN_TiNIC20260116013259.0050524s2000 dela grp 000 0 eng  a817214X c9500a261.2bKUR aKuruvilla, Fr Philip aIdentity and Integration of the Orthodox Church in Indiab Diaspora Youth- aDelhi bISPCK c2000 a141p aincludes index and biblioraphy2 aBibliography, Appendix aPluralism aChristian-Youth1 aKuruvilla, Fr Philip